| 000 | 00867cam a2200289 a 4500 | ||
|---|---|---|---|
| 001 | 547803 | ||
| 003 | ARRUPE | ||
| 005 | 20131022134230.0 | ||
| 008 | 870330s1987 inua b s001 0 eng | ||
| 010 | _a 85046029 | ||
| 020 | _a0253147336 | ||
| 035 | _a(OCoLC)13396165 | ||
| 035 | _a(OCoLC)ocm13396165 | ||
| 035 | _a(CStRLIN)NYCG87-B27946 | ||
| 035 | _a(NNC)547803 | ||
| 040 |
_aDLC _cDLC |
||
| 050 | 0 |
_aLC149 _b.G63 1986 |
|
| 100 | 1 |
_aGraff, Harvey J. _92592 |
|
| 245 | 1 | 4 |
_aThe legacies of literacy : _bcontinuities and contradictions in western culture and society / _cHarvey J. Graff. |
| 260 |
_aBloomington : _bIndiana University Press, _cc1987. |
||
| 300 |
_ax, 493 p. : _bill. ; _c25 cm. |
||
| 500 | _aIncludes index. | ||
| 504 | _aBibliography: p. 401-485. | ||
| 650 | 0 |
_aLiteracy _xHistory. _92593 |
|
| 942 |
_2lcc _cMONOGRAPH |
||
| 999 |
_c118363 _d118363 |
||